000 00321nam a22001457a 4500
008 230707b ||||| |||| 00| 0 eng d
020 _a9781119503705
041 _aeng
080 _217E
_a330.7
082 _a330.7KIE
100 _a23
101 _aMBE
245 _aINTERMEDIATE ACCOUNTING
_cKIESO
942 _2udc
_cBK
999 _c60116
_d60116